Vocabulari jurídic castellà - català, català - castellà / Seminari de Documentació Jurídica en Català de l'Il·lustre Col·legi d'Advocats de Barcelona
ISBN:
84-7306-098-9
Descripción Física:
224 p. ; 18 cm
Colección:
Llibre de butxaca ; 111
MARC
| LEADER | 00000nam a2200000Ia 4500 | ||
|---|---|---|---|
| 001 | 13198 | ||
| 008 | 160829s1980 xx 000 0 cat d | ||
| 020 | |a 84-7306-098-9 | ||
| 080 | |a D-1-178 | ||
| 245 | |a Vocabulari jurídic castellà - català, català - castellà / Seminari de Documentació Jurídica en Català de l'Il·lustre Col·legi d'Advocats de Barcelona | ||
| 250 | |a 2a ed. | ||
| 260 | |a Barcelona : |b Pòrtic, |c 1980 | ||
| 300 | |a 224 p. ; |c 18 cm | ||
| 490 | |a Llibre de butxaca ; 111 | ||
| 650 | |a Català jurídic |9 38087 | ||
| 650 | |a Castellà jurídic |9 38088 | ||
| 650 | |a Dret |x Terminologia |9 38089 | ||
| 700 | |a Col·legi d'Advocats de Barcelona. Seminari de Documentació Jurídica en Català |9 38090 | ||
| 901 | |a Arxiu | ||
| 942 | |n 1 | ||
| 952 | |0 0 |1 0 |4 0 |6 D1178 |7 1 |9 48249 |a Arxiu |b Arxiu |d 2016-12-01 |l 0 |o D-1-178 |p 13198 |r 2016-12-01 00:00:00 |w 2016-12-01 |y ARXIU | ||
| 999 | |c 52055 |d 52055 | ||